Computer organization and architecture / (Record no. 65920)
[ view plain ]
| 000 -LEADER | |
|---|---|
| fixed length control field | 00725nam a2200241 a 4500 |
| 001 - CONTROL NUMBER | |
| control field | 65920 |
| 003 - CONTROL NUMBER IDENTIFIER | |
| rucl marc code | BD-RjUL |
| 005 - DATE AND TIME OF LATEST TRANSACTION | |
| control field | 20211209081501.0 |
| 008 - FIXED-LENGTH DATA ELEMENTS--GENERAL INFORMATION | |
| fixed length control field | 170313s2011 ii ||||| |||| 001 0 eng d |
| 020 ## - INTERNATIONAL STANDARD BOOK NUMBER | |
| International Standard Book Number | 9788120332003 |
| 035 ## - SYSTEM CONTROL NUMBER | |
| System control number | (BD-RjUL)66050 |
| 040 ## - CATALOGING SOURCE | |
| Original cataloging agency | BD-RjUL |
| Language of cataloging | eng |
| Transcribing agency | BD-RjUL |
| Modifying agency | BD-RjUL |
| 041 ## - LANGUAGE CODE | |
| Language code of text/sound track or separate title | eng |
| 082 ## - DEWEY DECIMAL CLASSIFICATION NUMBER | |
| Edition number | 23 |
| Classification number | 004.22 |
| Author mark and year | RAC 2011 |
| 100 ## - MAIN ENTRY--PERSONAL NAME | |
| Personal name | Rajaraman, V |
| 9 (RLIN) | 194937 |
| 245 10 - TITLE STATEMENT | |
| Title | Computer organization and architecture / |
| Statement of responsibility, etc. | V Rajaraman; T Radhakrishnan |
| 260 ## - PUBLICATION, DISTRIBUTION, ETC. (IMPRINT) | |
| Place of publication, distribution, etc. | New Delhi : |
| Name of publisher, distributor, etc. | Prentic-Hall of India Pvt. Ltd., |
| Date of publication, distribution, etc. | c2011 |
| 300 ## - PHYSICAL DESCRIPTION | |
| Pagination | xiii, 493 p. ; |
| Illustrations | ill, ; |
| Size | 24 cm. |
| 500 ## - GENERAL NOTE | |
| General note | Include index |
| 650 ## - SUBJECT ADDED ENTRY--TOPICAL TERM | |
| Topical term or geographic name as entry element | Computer architecture. |
| 9 (RLIN) | 194938 |
| 700 ## - ADDED ENTRY--PERSONAL NAME | |
| Personal name | Radhakrishnan, T |
| 942 ## - ADDED ENTRY ELEMENTS (KOHA) | |
| Source of classification or shelving scheme | Dewey Decimal Classification |
| Koha item type | Books |
| Lost status | Source of classification or shelving scheme | Damaged status | Not for loan | Collection code | Permanent Location | Current Location | Shelving location | Date acquired | Source of acquisition | Cost, normal purchase price | Total Checkouts | Full call number | Date last seen | Copy number | Koha item type |
|---|---|---|---|---|---|---|---|---|---|---|---|---|---|---|---|
| Dewey Decimal Classification | Not For Loan | Non-fiction | Central Library, University of Rajshahi | Central Library, University of Rajshahi | Reading Room | 23/06/2013 | Dhaka, Ahsania Mission Book | 425.00 | 004.22 RAC 2011 | 13/03/2017 | C-1 | Books |